Reflexiones sobre las instituciones de educación superior, los estudios avanzados en el siglo XXI: el caso dominicano a la luz de otras experiencias /

Պահպանված է:
Մատենագիտական մանրամասներ
Հիմնական հեղինակ: Sánchez Maríñez, Julio
Ձևաչափ: Տեքստ
Խորագրեր:
Ցուցիչներ: Ավելացրեք ցուցիչ
Չկան պիտակներ, Եղեք առաջինը, ով նշում է այս գրառումը!

MARC

LEADER 00000 a a2200000 04500
001 2924
003
040
100 |a Sánchez Maríñez, Julio  
245 |a Reflexiones sobre las instituciones de educación superior, los estudios avanzados en el siglo XXI:   |b el caso dominicano a la luz de otras experiencias /  |c Julio Sánchez Maríñez 
650 |a ENSEÑANZA SUPERIOR  
650 |a UNIVERSIDADES  
650 |a TEORIA  
650 |a REPUBLICA DOMINICANA  
773 |g volumen 31, número 2; páginas 288-  
999 |c 28844  |d 28844